Las columnas de Hércules : (Registro nro. 10978)

Detalles MARC
000 -LIDER
fixed length control field 01073cam a2200361 i 4500
001 - NÚMERO DE CONTROL
Identificador de número de control 2734
003 - IDENTIFICACDOR DE NÚMERO DE CONTROL
control field DO-SdBNP
005 - DATE AND TIME OF LATEST TRANSACTION
control field 20240524132602.0
007 - CAMPOS FIJOS DE DESCRIPCIÓN FÍSICA
fixed length control field 2734
008 - ELEMENTOS DE LONGITUD FIJA
fixed length control field 100804s2010 sp a || 000 0 spa
015 ## - NÚMERO DENTRO DE LA BIBLIOGRAFÍA NACIONAL
National bibliography number
017 ## - NÚMERO DE REGISTRO DE DERECHOS DE AUTOR
Copyright or legal deposit number
Assigning agency
020 ## - ISBN
International Standard Book Number 9788466324694
035 ## - NÚMERO LOCAL
System control number
040 ## - FUENTE DE CATALOGACIÓN
Agencia que crea de manera original el registro BPMSU
Idioma de catalogación spa
Agencia que realiza la transcripción BPMSU
Convenciones de la despripción
041 1# - CÓDIGOS DE OBRAS TRADUCIDAS O EN VARIOS IDIOMAS
Código del idioma del texto/archivo de sonido o separata spa
Cód. del idioma original y/o traducciones intermedias del texto
080 ## - NÚMERO DE CLASIFICACIÓN DECIMAL UNIVERSAL
Universal Decimal Classification number
080 ## - NÚMERO DE CLASIFICACIÓN DECIMAL UNIVERSAL
Universal Decimal Classification number
082 #4 - NÚMERO DE CLASIFICACIÓN DECIMAL DE DEWEY
Classification number 918.22
Item number T412c 2010
Edition number 22
100 1# - ASIENTO PRINCIPAL -- NOMBRE PERSONAL
Nombre personal Theroux, Paul
Fechas asociadas con el nombre 1941-
245 14 - MENCIÓN DE TITULO
Título Las columnas de Hércules :
Subtítulo un viaje en torno al Mediterráneo /
Mención de responsabilidad Paul Theroux ; traducción de Alejandra Devoto
Medio (Designación general de material)
250 ## - MENCIÓN DE EDICION
Mención de edición
260 ## - PUBLICACIÓN, DISTRIBUCIÓN, ETC. (PIE DE IMPRENTA)
Lugar de publicación, distribución, etc Madrid :
Nombre del editor, distribuidor, etc. Punto de Lectura,
Fecha de publicación, distribución, etc 2010
300 ## - DESCRIPCIÓN FÍSICA
Extensión 742 p. :
Otros detalles físicos il., mapas, ;
Dimensiones 20 cm
490 0# - MENCIÓN DE SERIES
Mención de serie Punto de lectura,
Volume/sequential designation 256/6
534 ## - NOTA SOBRE LA VERSIÓN ORIGINAL
Frase introductoria Título original :
Mención del título original The pillars of Hercules
Asiento principal del original
590 ## - NOTA LOCAL
Texto de la nota local Inventariado, 2024/VM
651 #4 - ENCABEZAMIENTO DE MATERIA--NOMBRE GEOGRÁFICO
Nombre geográfico Mediterraneo (Región )
Subdivisión temática general Descripciones y viajes
Fuente del encabezamiento o término
700 1# - ASIENTO SECUNDARIO -- NOMBRE PERSONAL
Nombre personal Devoto, Alejandra
Mención de responsabilidad traductora
856 ## - UBICACIÓN ELECTRÓNICA Y ACCESO
Nombre del dominio (“Host name”) Punto de lectura
Horario de disponibilidad del método de acceso 256/6
910 ## - VALIDACIÓN
Validación VMateo V. Control de calidad. BPMSU
942 ## - ADDED ENTRY ELEMENTS (KOHA)
Source of classification or shelving scheme Dewey Decimal Classification
Koha item type Libros
Existencias
Withdrawn status Lost status Source of classification or shelving scheme Damaged status Not for loan Collection code Home library Current library Date acquired Source of acquisition Total Checkouts Full call number Barcode Date last seen Price effective from Koha item type Copy number
    Dewey Decimal Classification     Colección General Biblioteca Pública Metropolitana Salomé Ureña Biblioteca Pública Metropolitana Salomé Ureña 07/20/2016 ALFAGUARA   BPMSU CG 918.22 T412c 2010 BPMSU16070587 07/20/2016 07/20/2016 Libros  
    Dewey Decimal Classification     Colección General Biblioteca Pública Metropolitana Salomé Ureña Biblioteca Pública Metropolitana Salomé Ureña 08/08/2016 ALFAGUARA   BPMSU CG 918.22 T412c 2010 BPMSU16080072 08/08/2016 08/08/2016 Libros e. 2
    Dewey Decimal Classification     Colección General Biblioteca Pública Metropolitana Salomé Ureña Biblioteca Pública Metropolitana Salomé Ureña 08/08/2016 ALFAGUARA   BPMSU CG 918.22 T412c 2010 BPMSU16080074 08/08/2016 08/08/2016 Libros e.3